000 00283nam a2200133Ia 4500
100 _aMani H.S./ Mehta G.K.
250 _a6
942 _cBK
654 _aPhysics
245 _aIntroduction to Modern Physics
260 _bEWP
_aNew Delhi
_c1992
300 _a767
546 _aENGLISH
999 _c26329
_d26329